| 000 | 00974nam a2200265Ia 4500 | ||
|---|---|---|---|
| 003 | OSt | ||
| 005 | 20221005111832.0 | ||
| 006 | a|||||r|||| 00| 0 | ||
| 007 | ta | ||
| 008 | 221004b |||||||| |||| 00| 0 san d | ||
| 024 | _a31792 | ||
| 037 | _cTextual | ||
| 040 |
_aCRL _cCRL _bsan |
||
| 041 |
_2san _asan |
||
| 082 | _aQ2:4y8:g, 152K5 | ||
| 100 | _aठाकुर, लक्ष्मीदत्त | ||
| 245 | 0 | _aप्रमुख स्मृतियों का अध्ययन | |
| 246 | _aPramukh smṛutiyoan kā adhyayana | ||
| 260 |
_aलखनऊ _bहिन्दी समिति सूचना विभाग भारत _c1965 |
||
| 300 |
_a383पृ. _ccm. |
||
| 490 | _aहिन्दी समिति ग्रंथमाला संख्या; 121 | ||
| 650 | _aधर्म | ||
| 942 |
_hQ2:4y8:g, 152K5 _cTEXL _2cc |
||
| 999 |
_c1023053 _d1023053 |
||